| 000 | 00557nam a2200133 a 4500 | ||
|---|---|---|---|
| 001 | 000038942 | ||
| 005 | 20201002031429.0 | ||
| 008 | 130507s2001 dr 000 0 spa d | ||
| 040 |
_aDO-SdBNP _bspa _cBNPHU |
||
| 110 | 2 |
_aRepública Dominicana _bSecretariado Técnico de la Presidencia _932024 |
|
| 245 | 1 | 0 | _aInstructivo para la incorporación de los actuales funcionarios y empleados civiles del Poder Ejecutivo a la Carrera Aministrativa. |
| 260 |
_aSanto Domingo : _bOficina Nacional de Administración y Personal,(ONAP), _c2001. |
||
| 300 |
_a49 p. ; _c21 cm. |
||
| 999 |
_c38432 _d38432 |
||